| 000 | 00726nam a2200181 i 4500 | ||
|---|---|---|---|
| 001 | 142351 | ||
| 003 | ES-MaACL | ||
| 005 | 20230906200512.0 | ||
| 007 | t| | ||
| 008 | 071004m19451948sp ||||1| spa d | ||
| 100 | 1 |
_aVilla y Sanz, Julián de la. _9114899 |
|
| 245 | 1 | 0 |
_aLecciones de anatomía topográfica _b: (primer curso) / _cpor Julián de la Villa. |
| 260 |
_aMadrid : _b[s.n.], _c1945-48 ( _fImpr. Hijos de Minuesa) |
||
| 300 |
_a6 v. : _bil. ; _c22 cm. |
||
| 505 | 8 | _aContiene: I. Cráneo y su contenido -- II. Exocráneo y cara -- III. Raquis y cuello -- IV. Torax y su contenido -- V. Abdomen y pelvis y su contenido -- VI. Miembros | |
| 650 | 4 |
_aAnatomía topográfica. _9151407 |
|
| 852 |
_aES-MaACL _jP-867-bis |
||
| 999 |
_c142351 _d142351 |
||